|
|
|
|
| LEADER |
00000cam a2200000 7i4500 |
| 001 |
0000000533 |
| 005 |
20000828.0 |
| 020 |
0 |
0 |
|a 0135712173
|a 0135676460
|
| 090 |
0 |
0 |
|a 658.154
|b HOR 1997
|
| 100 |
1 |
0 |
|a HORNGREN
|h Charles T.
|c 1926-
|
| 245 |
1 |
0 |
|a Cost accounting :
|b A managerial emphasis
|c Charles T. Horngren, George Foster, Srikant M. Datar
|
| 250 |
0 |
0 |
|a 9th ed.
|
| 260 |
0 |
0 |
|a Upper Saddle River, New Jersey, USA :
|b Prentice-Hall ,
|c 1997
|
| 300 |
|
|
|a xxviii, 1012 p. :
|b col. ill. ;
|c 28 cm.
|
| 440 |
0 |
0 |
|a Prentice Hall series in accounting
|
| 500 |
0 |
0 |
|a Includes index
|
| 650 |
0 |
0 |
|a Cost accounting
|
| 650 |
0 |
0 |
|a Costs, Industrial
|
| 700 |
0 |
1 |
|a Datar
|h Srikant M.
|
| 700 |
0 |
1 |
|a Foster
|h George ,
|c 1948-
|
| 999 |
|
|
|a 0000001638
|b Monograph
|c Open Shelf
|e Default branch
|
| 999 |
|
|
|a 0000001640
|b Monograph
|c Open Shelf
|e Default branch
|